La piedra que rompió la ventana : (Registro nro. 31137)

Detalles MARC
000 -LEADER
fixed length control field 02523nam a22002777a 4500
003 - CONTROL NUMBER IDENTIFIER
control field OSt
005 - DATE AND TIME OF LATEST TRANSACTION
control field 20260306082431.0
008 - FIXED-LENGTH DATA ELEMENTS--GENERAL INFORMATION
fixed length control field 260129b |||||||| |||| 00| 0 eng d
020 ## - INTERNATIONAL STANDARD BOOK NUMBER
International Standard Book Number 9789585595149
037 ## - SOURCE OF ACQUISITION
Source of stock number/acquisition Donación
040 ## - CATALOGING SOURCE
Original cataloging agency CO-JMCR
Language of cataloging spa
Transcribing agency CO-JMCR
Modifying agency CO-JMCR
Description conventions rda
082 0# - DEWEY DECIMAL CLASSIFICATION NUMBER
Classification number 707 /
Item number A52p
110 ## - MAIN ENTRY--CORPORATE NAME
Corporate name or jurisdiction name as entry element Alcaldía Mayor de Bogotá, D.C.
Subordinate unit Instituto Distrital de las Artes IDARTES
9 (RLIN) 44494
245 0# - TITLE STATEMENT
Title La piedra que rompió la ventana :
Remainder of title perspectivas sobre la formación artística.
Statement of responsibility, etc. Maria Barbarita Gómez Rincon; Coordinación editorial
250 ## - EDITION STATEMENT
Edition statement Primera edición
260 ## - PUBLICATION, DISTRIBUTION, ETC.
Place of publication, distribution, etc. Bogotá D.C.
Name of publisher, distributor, etc. Unión temporal IDARTES
Date of publication, distribution, etc. 2019
300 ## - PHYSICAL DESCRIPTION
Extent 207 páginas :
Other physical details Ilustraciones , fotografías ;
Dimensions 24 cm.
490 0# - SERIES STATEMENT
Series statement Crea
500 ## - GENERAL NOTE
General note Incluye Glosario
505 0# - FORMATTED CONTENTS NOTE
Formatted contents note Prefacio -- Juliana Restrepo Tirado -- Sección 1 19. Introducción. Un coro de voces diversas y distantes -- Sección 2 61. Un viaje audiovisual -- 81. La danza y el cuerpo como escenarios de transformación -- 97. El juego músical o la música como juego. Ideas, interacciones y tensiones entre lo canónico , lo poco creible y lo desconocido en la formación creativa y la creación formativa -- MUNDOS POSIBLES 13. Marcela Isabel Trujillo -- 31 ¿Qué es el emprendimiento en el programa Crea? -- 39. Laboratorio como espacio crítico de reflexión -- 47. Máquina para descubrir: la investigación Artística -- 115. La enseñanza de creación literaria infantil: una acción para la visivilización de la escritura literaria como un camino de vida -- 139. Una imagen, ¿para qué? -- 163. Teatralidad: un lugar propicio para la experiencia creadora --181. La ciudad iluminada: un sueño eléctrico -- Glosario. Beatriz Carvajal Salazar.
520 3# - SUMMARY, ETC.
Summary, etc. Los textos aquí reunidos evidencian las búsquedas pedagógicas de los diferentes equipos del programa Crea y cómo se construyen los acercamientos conceptuales desde la palabra, el cuerpo, la imagen, el movimiento, el juego, la relación entre el arte y la ciencia, lo audiovisual, el gesto y el sonido. Se plantean así los retos y desafíos constantes del proceso, al tiempo que se reafirman las jóvenes y demás participantes. Los resultados son contundentes y los escenarios de la ciudad han sido testigos de los frutos de esta transformación.<br/>
521 ## - TARGET AUDIENCE NOTE
Target audience note Estudiantes de artes. artistas, trabajadores sociales.
Source Tapa posterior
650 ## - SUBJECT ADDED ENTRY--TOPICAL TERM
Topical term or geographic name entry element Educación artística
9 (RLIN) 44495
Source of heading or term Educación cultural
700 ## - ADDED ENTRY--PERSONAL NAME
Personal name Alcaldia Mayor de Bogotá D.C.
942 ## - ADDED ENTRY ELEMENTS (KOHA)
Source of classification or shelving scheme Dewey Decimal Classification
Koha item type Books
Existencias
Withdrawn status Lost status Source of classification or shelving scheme Damaged status Not for loan Collection code Home library Current library Shelving location Date acquired Source of acquisition Total Checkouts Full call number Barcode Date last seen Copy number Price effective from Koha item type
    Dewey Decimal Classification     Non-fiction Biblioteca Pública José María del Castillo y Rada Biblioteca Pública José María del Castillo y Rada Book Cart 01/29/2026 Donación   707 / A52p 201812572 01/29/2026 Ej.1 01/29/2026 Books